| 000 | 00323nam a2200109Ia 4500 | ||
|---|---|---|---|
| 008 | 220803s9999 xx 000 0 und d | ||
| 041 | _aeng | ||
| 082 | _a720.47 JAI | ||
| 100 |
_aJain S _929912 |
||
| 245 | _aNational Programme On Earthquake Engineering Education | ||
| 260 |
_b"Indian Institutes Of Technology, New Delhi" _c2003 |
||
| 999 |
_c18754 _d18754 |
||